[Event "3ème Open International de Nantes"]
[Site "Nantes"]
[Date "2004.12.28"]
[Round "3.5"]
[White "STAROSTITS, Ilmars"]
[Black "DESNOES, Fabien"]
[Result "1-0"]
[WhiteElo "2460"]
[BlackElo "1820"]
[PlyCount "75"]
[EventDate "2004.??.??"]
[SourceDate "2005.01.01"]

1. e4 c6 2. d4 d5 3. exd5 cxd5 4. c4 Nf6 5. Nc3 g6 6. Qb3 Bg7 7. cxd5 O-O 8.
Be2 Nbd7 9. Bf3 Nb6 10. Nge2 Bf5 11. a4 a5 12. O-O Bd3 13. d6 Qxd6 14. Bf4 Qd8
15. Bxb7 Ra7 16. Bf3 Bc4 17. Qc2 Nfd5 18. Nxd5 Bxd5 19. Bxd5 Nxd5 20. Be5 Bh6
21. Nc3 Nb4 22. Qe4 Rd7 23. Rad1 Qb6 24. d5 Rfd8 25. d6 exd6 26. Bf6 Rc8 27.
Qg4 Rdc7 28. Bd4 Qc6 29. Nb5 d5 30. Nxc7 Qxc7 31. Bb6 Qc2 32. Bxa5 Rc4 33. Qh3
Bg7 34. Bxb4 Rxb4 35. Rxd5 Qxb2 36. Rd8+ Bf8 37. Qc8 Qg7 38. a5 1-0

[Event "3ème Open International de Nantes"]
[Site "Nantes"]
[Date "2004.12.28"]
[Round "3.6"]
[White "DELORME, Alban"]
[Black "TROMP, Hendrik-Jan"]
[Result "1/2-1/2"]
[WhiteElo "2252"]
[BlackElo "1950"]
[PlyCount "75"]
[EventDate "2004.??.??"]
[SourceDate "2005.01.01"]

1. e4 e5 2. Nf3 Nf6 3. Nxe5 d6 4. Nf3 Nxe4 5. Nc3 Nxc3 6. dxc3 Be7 7. Bf4 Nc6
8. Bd3 Bg4 9. Qe2 Qd7 10. O-O-O O-O-O 11. h3 Bh5 12. g4 Bg6 13. Bb5 Bf6 14. Qc4
Qe6 15. Qxe6+ fxe6 16. Bxc6 bxc6 17. Rhe1 e5 18. Be3 a6 19. Nd2 Bh4 20. Nf3 Bf6
21. h4 h6 22. h5 Bh7 23. Rg1 Rdf8 24. g5 Bxg5 25. Nxg5 hxg5 26. Rxg5 Be4 27.
Rdg1 Rf5 28. Rxg7 Rfxh5 29. Kd2 R5h7 30. R7g4 Rh4 31. Rg7 R4h7 32. Rxh7 Rxh7
33. Rg4 Bf5 34. Ra4 Kb7 35. Rb4+ Ka8 36. Ra4 Kb7 37. Rb4+ Ka8 38. Ra4 1/2-1/2

[Event "3ème Open International de Nantes"]
[Site "Nantes"]
[Date "2004.12.28"]
[Round "3.10"]
[White "SIM, Sylvain"]
[Black "BIORET, Nicolas"]
[Result "1-0"]
[WhiteElo "1950"]
[BlackElo "2086"]
[PlyCount "47"]
[EventDate "2004.??.??"]
[SourceDate "2005.01.01"]

1. d4 d5 2. Nf3 Nf6 3. e3 e6 4. Bd3 c5 5. c3 Nc6 6. O-O Be7 7. Nbd2 O-O 8. Qe2
b6 9. e4 dxe4 10. Nxe4 cxd4 11. Nxf6+ Bxf6 12. Qe4 g6 13. Qxc6 dxc3 14. Be4 Rb8
15. Qb5 Qd6 16. bxc3 Bxc3 17. Bb2 Bxb2 18. Qxb2 Rd8 19. Qf6 Bb7 20. Bxb7 Rxb7
21. Ne5 Qd4 22. h3 Rd5 23. Ng4 Qd2 24. Rac1 1-0

[Event "3ème Open International de Nantes"]
[Site "Nantes"]
[Date "2004.12.28"]
[Round "3.13"]
[White "LABATUT, Franck"]
[Black "NOBLET, Renald"]
[Result "1/2-1/2"]
[WhiteElo "1640"]
[BlackElo "2002"]
[PlyCount "53"]
[EventDate "2004.??.??"]
[SourceDate "2005.01.01"]

1. e4 e6 2. d4 d5 3. exd5 Qxd5 4. Nf3 Nf6 5. Nc3 Bb4 6. Bd2 Qd8 7. Bc4 O-O 8.
O-O b6 9. Nb5 Bxd2 10. Qxd2 a6 11. Na3 Bb7 12. Ne5 Qd6 13. c3 Nbd7 14. f4 c5
15. Nc2 Rac8 16. Bb3 Ne4 17. Qe3 b5 18. dxc5 Ndxc5 19. Rad1 Qe7 20. Nd4 Nxb3
21. Nxb3 Rfd8 22. Nd4 Bd5 23. a3 Qc7 24. Rfe1 Qc5 25. h3 Bb7 26. Kh2 Qc7 27.
Rf1 1/2-1/2

[Event "3ème Open International de Nantes"]
[Site "Nantes"]
[Date "2004.12.28"]
[Round "3.27"]
[White "DE HARGUES, Rémi"]
[Black "DELINOTTE, Mathieu"]
[Result "1/2-1/2"]
[WhiteElo "1530"]
[BlackElo "1890"]
[PlyCount "120"]
[EventDate "2004.??.??"]
[SourceDate "2005.01.01"]

1. e4 c5 2. Nf3 d6 3. d4 cxd4 4. Nxd4 Nf6 5. Nc3 g6 6. f3 Bg7 7. Be3 O-O 8. Qd2
Re8 9. O-O-O Nc6 10. Nb3 Be6 11. Bh6 Bh8 12. h4 Ne5 13. Be2 Rc8 14. Kb1 Nc4 15.
Bxc4 Rxc4 16. h5 Nxh5 17. Rxh5 Bxc3 18. bxc3 Qc7 19. Nd4 Rxc3 20. Nb5 Bxa2+ 21.
Kc1 Rxc2+ 22. Qxc2 Qxc2+ 23. Kxc2 gxh5 24. Nxa7 Bc4 25. Rb1 Ba6 26. Kd2 f6 27.
Rc1 Kf7 28. Rc8 Rxc8 29. Nxc8 h4 30. Ke3 b5 31. Nb6 b4 32. Na4 Ke6 33. Nb2 d5
34. Bf4 dxe4 35. fxe4 Kf7 36. Kf3 e5 37. Be3 Bf1 38. Bf2 h3 39. gxh3 Bxh3 40.
Ke3 h5 41. Kd2 Kg6 42. Nd3 b3 43. Kc3 Bg2 44. Nc5 Kg5 45. Kxb3 h4 46. Kc3 h3
47. Bg3 Kg4 48. Bh2 Kf3 49. Nd7 Kxe4 50. Nxf6+ Kf5 51. Nd7 e4 52. Ne5 Bf1 53.
Kd2 Bg2 54. Ke3 Ke6 55. Bg3 Kd5 56. Bh2 Kc5 57. Bg1 Kb4 58. Bh2 Kc3 59. Nd7 Kc2
60. Nc5 Kd1 1/2-1/2

[Event "3ème Open International de Nantes"]
[Site "Nantes"]
[Date "2004.12.28"]
[Round "4.1"]
[White "BERTHELOT, Yannick"]
[Black "CRISTESCU, Florin"]
[Result "1-0"]
[WhiteElo "2298"]
[BlackElo "2010"]
[PlyCount "71"]
[EventDate "2004.??.??"]
[SourceDate "2005.01.01"]

1. e4 e6 2. d4 d5 3. Nc3 dxe4 4. Nxe4 Bd7 5. Nf3 Bc6 6. Bd3 Bxe4 7. Bxe4 c6 8.
Ne5 Nf6 9. Bf3 Nbd7 10. Nc4 Nb6 11. Ne5 Nbd7 12. Nxd7 Qxd7 13. O-O Bd6 14. c4
h5 15. Re1 Qc7 16. h3 O-O-O 17. Qa4 a6 18. Bd2 Bh2+ 19. Kf1 Rxd4 20. Be3 Rd3
21. b4 Be5 22. Rab1 Bc3 23. Rec1 Ng4 24. hxg4 hxg4 25. Bxc6 Qxc6 26. Qxc6+ bxc6
27. Ke2 Rhd8 28. Rb3 Rxe3+ 29. fxe3 Be5 30. b5 cxb5 31. cxb5+ Kb7 32. bxa6+
Kxa6 33. Rc6+ Ka7 34. Rc5 Rd5 35. Rxd5 exd5 36. Rb5 1-0

[Event "3ème Open International de Nantes"]
[Site "Nantes"]
[Date "2004.12.28"]
[Round "4.2"]
[White "JAULIN, Philippe"]
[Black "MONROY, Charles"]
[Result "0-1"]
[WhiteElo "2141"]
[BlackElo "2299"]
[PlyCount "144"]
[EventDate "2004.??.??"]
[SourceDate "2005.01.01"]

1. e4 Nf6 2. e5 Nd5 3. d4 d6 4. Nf3 dxe5 5. Nxe5 c6 6. c4 Nb4 7. Be3 Bf5 8. Na3
Nd7 9. Nxd7 Qxd7 10. Be2 e6 11. O-O Be7 12. Qa4 O-O 13. Rad1 Rfd8 14. Rd2 Qc7
15. Rfd1 b6 16. Bf3 a5 17. d5 exd5 18. cxd5 Nxd5 19. Bxd5 Rxd5 20. Rxd5 cxd5
21. Nb5 Qb7 22. Qf4 Be6 23. Nc7 Rc8 24. Nxe6 fxe6 25. Qg4 Rc6 26. Bd4 Bc5 27.
Be5 Qf7 28. Qg3 Rc8 29. h4 Rf8 30. Rf1 Qg6 31. Kh2 Qh6 32. f4 Rf5 33. Qg4 g6
34. g3 Qf8 35. Qe2 Rf7 36. Re1 Re7 37. a3 Qf5 38. Qa6 Qf8 39. Qb5 Qe8 40. Qd3
Qa4 41. Qa6 Kf7 42. Qd3 Qc4 43. Qxc4 dxc4 44. Rc1 b5 45. a4 bxa4 46. Rxc4 Bb4
47. Bc3 Rb7 48. Kg2 Ke7 49. Kf3 h5 50. Ke4 Kd7 51. Ke5 Ke7 52. Ke4 Kd6 53. Be5+
Kd7 54. Bc3 Rb5 55. Kd4 a3 56. bxa3 Bxa3 57. Ra4 Bb4 58. Ba1 Rd5+ 59. Ke4 Kc6
60. Bf6 Rd1 61. Ra2 Re1+ 62. Kf3 Kd5 63. Rc2 a4 64. Rc8 a3 65. Ra8 Kc4 66. Rc8+
Kb3 67. Rb8 a2 68. Ra8 Rc1 69. Ke4 Rc3 70. Ra6 Rxg3 71. Rxe6 Bc3 72. Rb6+ Kc2
0-1

[Event "3ème Open International de Nantes"]
[Site "Nantes"]
[Date "2004.12.28"]
[Round "4.3"]
[White "LECLERCQ, Benoît"]
[Black "STAROSTITS, Ilmars"]
[Result "0-1"]
[WhiteElo "2015"]
[BlackElo "2460"]
[PlyCount "82"]
[EventDate "2004.??.??"]
[SourceDate "2005.01.01"]

1. d4 d5 2. Nf3 c6 3. c3 g6 4. Bf4 Bg7 5. Nbd2 Nf6 6. h3 O-O 7. e3 Nbd7 8. Bd3
b6 9. O-O Bb7 10. Rc1 c5 11. b3 Ne4 12. Bxe4 dxe4 13. Ng5 e5 14. dxe5 Nxe5 15.
Ngxe4 Nd3 16. Rc2 Re8 17. f3 Nxf4 18. exf4 f5 19. Nf2 Qh4 20. Nc4 Rad8 21. Rd2
Bxc3 22. Rxd8 Rxd8 23. Qe2 Qf6 24. Rd1 Bd4 25. Kh1 b5 26. Ne5 a6 27. Nfd3 Kg7
28. Rc1 Qd6 29. Qc2 Be3 30. Re1 Bd4 31. Rc1 Rc8 32. a4 Bd5 33. axb5 axb5 34.
Nb4 Be6 35. Nbc6 Rxc6 36. Nxc6 Qxc6 37. Qd3 Qd5 38. Qxb5 Qxb3 39. Qe8 Bf7 40.
Qd7 Qe3 41. Rd1 Qxf4 0-1

[Event "3ème Open International de Nantes"]
[Site "Nantes"]
[Date "2004.12.28"]
[Round "4.4"]
[White "SASU-DUCSOARA, Andreea"]
[Black "RIHOUAY, Clément"]
[Result "1/2-1/2"]
[WhiteElo "2244"]
[BlackElo "2116"]
[PlyCount "63"]
[EventDate "2004.??.??"]
[SourceDate "2005.01.01"]

1. e4 c5 2. Nf3 d6 3. d4 cxd4 4. Nxd4 Nf6 5. Nc3 g6 6. g3 Nc6 7. Nde2 Bg7 8.
Bg2 O-O 9. O-O Rb8 10. a4 a6 11. h3 b5 12. axb5 axb5 13. Be3 b4 14. Nd5 e6 15.
Nxf6+ Bxf6 16. Ra2 Qc7 17. f4 Bb7 18. Qd2 Ra8 19. Rxa8 Rxa8 20. c4 Ra2 21. Nd4
Nxd4 22. Bxd4 Bxd4+ 23. Qxd4 Qc5 24. Qxc5 dxc5 25. Rb1 Ba6 26. Bf1 e5 27. Kf2
Kf8 28. Ke3 Ke7 29. h4 f6 30. g4 h6 31. fxe5 fxe5 32. g5 1/2-1/2

[Event "3ème Open International de Nantes"]
[Site "Nantes"]
[Date "2004.12.28"]
[Round "4.5"]
[White "THIBAUD, Corentin"]
[Black "CROUAN , Stephane"]
[Result "0-1"]
[WhiteElo "2005"]
[BlackElo "2229"]
[Annotator "CROUAN STEPHANE"]
[PlyCount "66"]
[EventDate "2004.??.??"]
[SourceDate "2005.01.01"]

1. e4 c5 2. Nf3 Nc6 3. d4 cxd4 4. Nxd4 Nf6 5. Nc3 e5 {La sicilienne svesnikov.}
6. Ndb5 d6 7. Bg5 a6 8. Na3 b5 9. Bxf6 (9. Nd5 {est l'autre variante.}) 9...
gxf6 10. Nd5 Bg7 11. c3 O-O $6 (11... Ne7 {variante principale}) 12. Nc2 $6 (
12. g4 $1 {Paralysant les noirs sur les cases blanches.}) 12... f5 13. exf5
Bxf5 14. Be2 Be6 15. Bf3 Rc8 16. O-O f5 17. a4 Kh8 {Toujours utile pour eviter
des echecs intermediaires et ne pas devoir echanger les fous de cases blanches}
18. Be2 Rb8 19. axb5 $2 (19. Ncb4 $1 $16 {Les noirs ont de gros soucis} 19...
Nxb4 20. Nxb4 Qb6 21. a5) 19... axb5 20. Ra6 Qd7 $8 (20... Nd4 $2 21. Nxd4 exd4
22. Nb4 $1) 21. Qd2 Rg8 22. Rd1 Nd4 $1 23. Nxd4 exd4 24. Nf4 Bb3 25. Rc1 $1 {
Anticipant les menaces sur c3} 25... dxc3 26. Rxc3 $1 (26. bxc3 Be5 $17) 26...
Be5 $1 27. Bf3 $8 (27. Rxb3 $2 Qb7 $19) 27... Bc4 28. Rc1 $2 (28. Rc2 $8) 28...
Qg7 $1 29. Nd3 Bxd3 30. Qxd3 Qh6 $1 31. Rd1 Qxh2+ 32. Kf1 Rbe8 $1 {
Prepare le cerceuil.} 33. Ke2 {Precipite la fin} (33. g3 f4 $19) 33... Bc3+ 0-1

[Event "3ème Open International de Nantes"]
[Site "Nantes"]
[Date "2004.12.28"]
[Round "4.6"]
[White "BRUNELLIERE, Pierre"]
[Black "SIM, Sylvain"]
[Result "1-0"]
[WhiteElo "2348"]
[BlackElo "1950"]
[PlyCount "113"]
[EventDate "2004.??.??"]
[SourceDate "2005.01.01"]

1. Nf3 c5 2. g3 d5 3. c4 Nf6 4. Bg2 Nc6 5. cxd5 Nxd5 6. Nc3 g6 7. d3 Bg7 8. Bd2
O-O 9. O-O e6 10. a3 b6 11. Qa4 Bb7 12. Rac1 Nd4 13. Nxd4 cxd4 14. Nxd5 Bxd5
15. Bxd5 Qxd5 16. Qc6 Qd8 17. Qb7 Qb8 18. Qxb8 Rfxb8 19. Rc6 a5 20. Rfc1 Kf8
21. Bf4 e5 22. Bg5 b5 23. R1c5 b4 24. a4 b3 25. Bd2 Ke8 26. Rxa5 Rxa5 27. Bxa5
Ra8 28. Rc5 Kd7 29. Kg2 Kd6 30. Rb5 Bh6 31. Bb4+ Ke6 32. Rb6+ Kd7 33. a5 Bc1
34. Ba3 Rxa5 35. Rxb3 Kc6 36. Rb8 Kc7 37. Rf8 f5 38. Rf7+ Kc6 39. Rxh7 Rb5 40.
Re7 Kd5 41. h4 Bxb2 42. Rd7+ Ke6 43. Rd6+ Kf7 44. Bxb2 Rxb2 45. Kf3 e4+ 46.
dxe4 fxe4+ 47. Kxe4 Rxe2+ 48. Kf3 Rd2 49. g4 Rd3+ 50. Kf4 Kg7 51. Kg5 Rf3 52.
Rd7+ Rf7 53. Rxf7+ Kxf7 54. Kf4 g5+ 55. hxg5 Kg6 56. Ke4 Kxg5 57. f3 1-0

[Event "3ème Open International de Nantes"]
[Site "Nantes"]
[Date "2004.12.29"]
[Round "4.11"]
[White "NOBLET, Renald"]
[Black "POILANE, Anthony"]
[Result "1/2-1/2"]
[WhiteElo "2002"]
[BlackElo "1740"]
[PlyCount "94"]
[EventDate "2004.??.??"]
[SourceDate "2005.01.01"]

1. e4 Nf6 2. e5 Nd5 3. d4 d6 4. exd6 exd6 5. c4 Nb6 6. h3 Bf5 7. Nf3 Nc6 8. Bd3
Qe7+ 9. Be3 Qd7 10. Nc3 Nb4 11. Bxf5 Qxf5 12. O-O Be7 13. a3 Nc2 14. Rc1 Nxe3
15. fxe3 Qg6 16. Nb5 O-O 17. Nxc7 Rac8 18. Nd5 Nxd5 19. cxd5 Qe4 20. Qb3 b6 21.
Nd2 Qh4 22. Rc6 Qg3 23. e4 Qg5 24. Nf3 Qg3 25. Qc2 Rce8 26. Rc7 Bf6 27. Rxa7
Qf4 28. Re1 Rc8 29. Rc7 Rce8 30. a4 h5 31. Rc4 g5 32. Qd2 Rxe4 33. Qxf4 Rxf4
34. Rb4 Ra8 35. Rd1 g4 36. hxg4 hxg4 37. Ne1 Bh4 38. Nd3 Re4 39. Nf2 Rf4 40.
Nd3 Re4 41. Rxb6 Rxd4 42. Rxd6 Raxa4 43. Kf1 Ra5 44. Ke2 Be7 45. Rd7 Kf8 46.
Nf2 Rxd1 47. Nxd1 Ke8 1/2-1/2

[Event "3ème Open International de Nantes"]
[Site "Nantes"]
[Date "2004.12.29"]
[Round "4.16"]
[White "LEBRETON, Flavien"]
[Black "SERVE, Emmanuelle"]
[Result "1-0"]
[WhiteElo "1670"]
[BlackElo "1940"]
[PlyCount "89"]
[EventDate "2004.??.??"]
[SourceDate "2005.01.01"]

1. d4 d6 2. Nf3 Nf6 3. c4 g6 4. Nc3 Bg7 5. e4 O-O 6. Be2 Bg4 7. O-O Nc6 8. Be3
Nd7 9. Rc1 e5 10. d5 Na5 11. b4 Bxf3 12. gxf3 f5 13. bxa5 f4 14. Bd2 g5 15. Kh1
Rf6 16. Rg1 Rh6 17. Rb1 b6 18. axb6 axb6 19. a4 Kf7 20. Nb5 Bf6 21. Ra1 Nc5 22.
a5 Qd7 23. Qf1 Nb3 24. Ra2 Rh5 25. Qd1 Nc5 26. Rg4 Rg8 27. axb6 Rg6 28. Ra7
Rgh6 29. Qg1 Kg6 30. Rxc7 Qd8 31. b7 Na6 32. Ba5 Qb8 33. Rc6 Qxb7 34. Rxd6 Kg7
35. Rb6 Qa8 36. Nd6 Nc7 37. Nf5+ Kh8 38. Nxh6 Qxa5 39. Rb8+ Kg7 40. Nf5+ Kg6
41. Qb1 Qa7 42. Qb6 Qa1+ 43. Rg1 Qa2 44. Qxc7 Rxh2+ 45. Kxh2 1-0

[Event "3ème Open International de Nantes"]
[Site "Nantes"]
[Date "2004.12.29"]
[Round "4.21"]
[White "ROUSSEL, Jérôme"]
[Black "HOUARD, Yannick"]
[Result "1/2-1/2"]
[WhiteElo "1650"]
[BlackElo "1920"]
[PlyCount "80"]
[EventDate "2004.??.??"]
[SourceDate "2005.01.01"]

1. e4 e6 2. d4 d5 3. exd5 exd5 4. c4 c6 5. Nc3 Nf6 6. Bg5 Be7 7. Nf3 O-O 8. Be2
Nbd7 9. O-O dxc4 10. Bxc4 Nb6 11. Bb3 Bg4 12. Bc2 Bh5 13. Qd3 Bg6 14. Qd1 Bxc2
15. Qxc2 h6 16. Bh4 Nfd5 17. Bxe7 Qxe7 18. Nxd5 Nxd5 19. Rfe1 Qd6 20. Qc5 Qxc5
21. dxc5 Rfe8 22. a3 Kf8 23. Ne5 Re7 24. Nd3 Rae8 25. Kf1 f6 26. Rxe7 Rxe7 27.
Re1 g6 28. Rxe7 Kxe7 29. Ke2 Ke6 30. Kf3 f5 31. Ke2 g5 32. g3 f4 33. gxf4 Nxf4+
34. Nxf4+ gxf4 35. Kd3 Ke5 36. h4 a5 37. b4 Kf5 38. f3 axb4 39. axb4 Ke5 40.
Kc4 Kf6 1/2-1/2

[Event "3ème Open International de Nantes"]
[Site "Nantes"]
[Date "2004.12.29"]
[Round "4.24"]
[White "LEGOUT, Vincent"]
[Black "MAHE, Romain"]
[Result "1/2-1/2"]
[WhiteElo "1610"]
[BlackElo "1850"]
[PlyCount "41"]
[EventDate "2004.??.??"]
[SourceDate "2005.01.01"]

1. e4 e5 2. Nf3 Nc6 3. Bc4 Nf6 4. d3 Bc5 5. Nc3 d6 6. Be3 a6 7. Qd2 Na5 8. Bxc5
dxc5 9. Nxe5 O-O 10. O-O Nxc4 11. Nxc4 b5 12. Ne3 b4 13. Ncd5 Nxd5 14. Nxd5 Bb7
15. c4 c6 16. Ne3 Bc8 17. Rad1 Qd4 18. b3 Rd8 19. Nc2 Qf6 20. Rfe1 Ra7 21. Qe3
1/2-1/2

[Event "3ème Open International de Nantes"]
[Site "Nantes"]
[Date "2004.12.29"]
[Round "4.31"]
[White "LEGOLLES, Frédéric"]
[Black "DE HARGUES, Rémi"]
[Result "1/2-1/2"]
[WhiteElo "1830"]
[BlackElo "1530"]
[PlyCount "50"]
[EventDate "2004.??.??"]
[SourceDate "2005.01.01"]

1. d4 d5 2. c4 e6 3. Nf3 Nf6 4. Bg5 Be7 5. Nc3 Nbd7 6. cxd5 exd5 7. e3 O-O 8.
Bd3 Re8 9. O-O Nf8 10. Qc2 c6 11. Rab1 Ne4 12. Bxe7 Qxe7 13. b4 Ng6 14. b5 Bg4
15. Nd2 Nxd2 16. Qxd2 Nh4 17. e4 Bh3 18. Qf4 Bxg2 19. Rfe1 dxe4 20. Bxe4 Bxe4
21. Rxe4 Ng6 22. Rxe7 Nxf4 23. Rxb7 cxb5 24. R7xb5 Rac8 25. Rc5 Ne6 1/2-1/2

[Event "3ème Open International de Nantes"]
[Site "Nantes"]
[Date "2004.12.29"]
[Round "4.35"]
[White "BLEUZEN, Christian"]
[Black "THEVENOT, David"]
[Result "1/2-1/2"]
[WhiteElo "1440"]
[BlackElo "2089"]
[PlyCount "51"]
[EventDate "2004.??.??"]
[SourceDate "2005.01.01"]

1. f4 e5 2. e4 Bc5 3. d3 Bxg1 4. Rxg1 Qh4+ 5. g3 Qxh2 6. Be3 exf4 7. gxf4 Qh4+
8. Kd2 d5 9. Qf3 dxe4 10. dxe4 Nc6 11. Nc3 Nf6 12. Qg3 Qxg3 13. Rxg3 Be6 14. a3
O-O-O+ 15. Bd3 Na5 16. f5 Nc4+ 17. Ke2 Nxe3 18. Kxe3 Bd7 19. Rxg7 Rdf8 20. Rag1
h5 21. Bc4 Ng4+ 22. Kf4 f6 23. Be2 Ne5 24. Nd5 Nc6 25. Ne7+ Nxe7 26. Rxe7
1/2-1/2

[Event "3ème Open International de Nantes"]
[Site "Nantes"]
[Date "2004.12.29"]
[Round "5.2"]
[White "STAROSTITS, Ilmars"]
[Black "MONROY, Charles"]
[Result "0-1"]
[WhiteElo "2460"]
[BlackElo "2299"]
[PlyCount "106"]
[EventDate "2004.??.??"]
[SourceDate "2005.01.01"]

1. Nf3 Nf6 2. g3 d5 3. Bg2 e6 4. O-O Be7 5. d3 O-O 6. Nbd2 b5 7. c4 bxc4 8.
dxc4 c6 9. Qa4 Qb6 10. Nb3 Qa6 11. Qxa6 Bxa6 12. Nfd4 Bxc4 13. Na5 Bc5 14. Be3
Bxd4 15. Bxd4 Bxe2 16. Rfc1 Rc8 17. b4 Nfd7 18. f4 c5 19. bxc5 Nc6 20. Nxc6
Rxc6 21. Rab1 Rb8 22. Rxb8+ Nxb8 23. Kf2 Ba6 24. Rc3 Rc8 25. Ra3 Bc4 26. Bf1
Bxf1 27. Kxf1 f6 28. Ke2 Nc6 29. Kd3 Kf7 30. Bc3 h5 31. h3 Ke7 32. Ra4 Rb8 33.
f5 exf5 34. Rf4 Ke6 35. a4 Rb1 36. Kc2 Rg1 37. Rf3 d4 38. Bd2 g6 39. Bh6 Kd5
40. Bg7 Ne5 41. Rb3 Kc4 42. Rb7 d3+ 43. Kd2 Nf3+ 44. Ke3 d2 45. Rd7 d1=Q 46.
Rxd1 Rxd1 47. Kxf3 Kxc5 48. Bxf6 Rf1+ 49. Ke2 Rc1 50. a5 Rc4 51. Kf3 Ra4 52.
Bd8 Kd6 53. h4 Kd7 0-1

[Event "3ème Open International de Nantes"]
[Site "Nantes"]
[Date "2004.12.29"]
[Round "5.3"]
[White "BOURDIN, Jacky"]
[Black "BRUNELLIERE, Pierre"]
[Result "0-1"]
[WhiteElo "1953"]
[BlackElo "2348"]
[PlyCount "100"]
[EventDate "2004.??.??"]
[SourceDate "2005.01.01"]

1. c4 g6 2. Nc3 Bg7 3. g3 c5 4. Bg2 Nc6 5. e4 e6 6. Nge2 Nge7 7. O-O O-O 8. d3
d6 9. Be3 Nd4 10. Qd2 Nec6 11. f4 f5 12. Rad1 a6 13. h3 Bd7 14. Bf2 Qa5 15.
exf5 gxf5 16. b3 Rab8 17. Nxd4 cxd4 18. Ne2 Qxd2 19. Rxd2 e5 20. Kh2 Rfe8 21.
Re1 Bh6 22. Rc1 b6 23. a3 a5 24. Rb1 Rec8 25. b4 a4 26. Rc2 Nd8 27. Be1 Bg7 28.
Ng1 Bc6 29. Bxc6 Rxc6 30. b5 Rc7 31. Bb4 Nf7 32. fxe5 dxe5 33. Rf1 e4 34. Rxf5
exd3 35. Rd2 Rxc4 36. Rxd3 Rc2+ 37. Rd2 Rxd2+ 38. Bxd2 Nd6 39. Rd5 Nc4 40. Bb4
Re8 41. Nf3 Ne3 42. Rd7 Nc2 43. Re7 Rd8 44. Bd2 Nxa3 45. Ng5 Bf6 46. Ra7 Bxg5
47. Bxg5 Rd5 48. Bf6 d3 49. Ra8+ Kf7 50. Bc3 d2 0-1

[Event "3ème Open International de Nantes"]
[Site "Nantes"]
[Date "2004.12.29"]
[Round "5.4"]
[White "DELORME, Alban"]
[Black "BLEUZEN, Cédric"]
[Result "1-0"]
[WhiteElo "2252"]
[BlackElo "1935"]
[PlyCount "75"]
[EventDate "2004.??.??"]
[SourceDate "2005.01.01"]

1. e4 e6 2. d4 d5 3. Nc3 Bb4 4. e5 c5 5. a3 Bxc3+ 6. bxc3 Qc7 7. Qg4 f5 8. Qg3
g6 9. Bd2 cxd4 10. cxd4 Qxc2 11. Rc1 Qe4+ 12. Be3 Nc6 13. Ne2 Qg4 14. Nf4 Qxg3
15. hxg3 Kf7 16. Bb5 Bd7 17. Nd3 Nge7 18. Nc5 Bc8 19. g4 fxg4 20. Bxc6 Nxc6 21.
f3 g3 22. Rh3 b6 23. Nb3 Bd7 24. Rxg3 Rac8 25. Rh3 h5 26. Kd2 Ne7 27. g4 Rxc1
28. Nxc1 Kg8 29. Rg3 hxg4 30. fxg4 Rh2+ 31. Kc3 Rh7 32. Bg5 Nc6 33. Nd3 Na5 34.
Nf4 Kg7 35. Nh3 Nc4 36. Rf3 a5 37. Be7 Kh6 38. Bf8+ 1-0

[Event "3ème Open International de Nantes"]
[Site "Nantes"]
[Date "2004.12.29"]
[Round "5.6"]
[White "BLEUZEN, Erwan"]
[Black "JAULIN, Philippe"]
[Result "0-1"]
[WhiteElo "1934"]
[BlackElo "2141"]
[PlyCount "80"]
[EventDate "2004.??.??"]
[SourceDate "2005.01.01"]

1. d4 d5 2. c4 c6 3. Nc3 Nf6 4. Nf3 dxc4 5. a4 Bf5 6. e3 e6 7. Bxc4 Bb4 8. O-O
O-O 9. Qe2 Nbd7 10. Rd1 Qc7 11. e4 Bg6 12. d5 cxd5 13. exd5 Nb6 14. Ba2 Bxc3
15. d6 Qc6 16. bxc3 Nxa4 17. Ne5 Qe4 18. Qxe4 Nxe4 19. c4 Rfd8 20. Nxg6 hxg6
21. Ba3 Rac8 22. Rd4 Nec3 23. Kf1 e5 24. Rd3 Nxa2 25. Rxa2 Rxc4 26. Rad2 Rd7
27. Rd5 f6 28. Ra5 a6 29. Ke2 Kf7 30. Rdd5 Nc3+ 31. Kd3 Nxd5 32. Kxc4 Nb6+ 33.
Kc5 Nc8 34. Kd5 Ne7+ 35. Kc5 Nc6 36. Ra4 Ke6 37. Kb6 Nd4 38. Bb4 Nb5 39. Ra2
Nxd6 40. Bxd6 Rxd6+ 0-1

[Event "3ème Open International de Nantes"]
[Site "Nantes"]
[Date "2004.12.29"]
[Round "5.7"]
[White "RIHOUAY, Clément"]
[Black "TROMP, Hendrik-Jan"]
[Result "1-0"]
[WhiteElo "2116"]
[BlackElo "1950"]
[PlyCount "33"]
[EventDate "2004.??.??"]
[SourceDate "2005.01.01"]

1. e4 e5 2. Nf3 Nf6 3. Nxe5 d6 4. Nf3 Nxe4 5. c4 d5 6. Nc3 Bc5 7. d4 Bb4 8. Qb3
Qe7 9. Be3 Nc6 10. cxd5 Na5 11. Qc2 Bf5 12. Bd3 O-O 13. O-O Bxc3 14. bxc3 b5
15. Rfe1 Nc4 16. Bg5 Na3 17. Bxe7 1-0

[Event "3ème Open International de Nantes"]
[Site "Nantes"]
[Date "2004.12.29"]
[Round "5.8"]
[White "POULAIN, Yves"]
[Black "FLACHET, Thierry"]
[Result "0-1"]
[WhiteElo "1850"]
[BlackElo "2060"]
[PlyCount "84"]
[EventDate "2004.??.??"]
[SourceDate "2005.01.01"]

1. d4 d5 2. c4 c6 3. Nf3 Nf6 4. Nc3 a6 5. c5 Nbd7 6. e3 b6 7. b4 Qc7 8. Bb2 a5
9. a3 bxc5 10. bxc5 e5 11. Nxe5 Nxe5 12. dxe5 Qxe5 13. Na4 Qe6 14. Qd4 Be7 15.
Bd3 O-O 16. O-O Re8 17. Rfe1 Bf8 18. f3 Ba6 19. Bxa6 Rxa6 20. Qd3 Ra7 21. Rab1
Nd7 22. Bd4 Ne5 23. Bxe5 Qxe5 24. Rb6 d4 25. f4 Qe4 26. Qxe4 Rxe4 27. Rxc6 dxe3
28. Nc3 Rc4 29. Rxe3 Rxc5 30. Rb6 Rac7 31. Ne2 g6 32. g3 Rc2 33. Rb8 Kg7 34.
Kg2 Bxa3 35. Rxa3 Rxe2+ 36. Kf3 Rxh2 37. Rb5 Rcc2 38. Rbxa5 Rce2 39. Rb5 Rhf2+
40. Kg4 h5+ 41. Kh4 Rh2+ 42. Kg5 f6# 0-1

[Event "3ème Open International de Nantes"]
[Site "Nantes"]
[Date "2004.12.29"]
[Round "5.10"]
[White "CRISTESCU, Florin"]
[Black "LE RUYET, Leopold"]
[Result "1-0"]
[WhiteElo "2010"]
[BlackElo "1903"]
[PlyCount "69"]
[EventDate "2004.??.??"]
[SourceDate "2005.01.01"]

1. d4 Nf6 2. c4 c5 3. d5 e6 4. Nc3 exd5 5. cxd5 d6 6. e4 g6 7. Nf3 Bg7 8. Nd2
O-O 9. g3 a6 10. a4 Nbd7 11. Bg2 b6 12. f4 Bb7 13. Nc4 Ne8 14. O-O Rb8 15. h3
Ba8 16. Qc2 b5 17. axb5 axb5 18. Na5 Qc7 19. Ne2 c4 20. Be3 Nc5 21. Nd4 Nd3 22.
b3 Nb4 23. Qc3 Qc5 24. bxc4 bxc4 25. Nxc4 Nc2 26. Nxc2 Bxc3 27. Bxc5 dxc5 28.
Ra3 Bg7 29. e5 Nc7 30. d6 Nb5 31. Rxa8 Rxa8 32. Bxa8 Rxa8 33. Nb6 Rb8 34. d7
Kf8 35. Nc8 1-0

[Event "3ème Open International de Nantes"]
[Site "Nantes"]
[Date "2004.12.29"]
[Round "5.13"]
[White "MESLI, Maurice"]
[Black "PERRUSSET, Barbara"]
[Result "0-1"]
[WhiteElo "2000"]
[BlackElo "1850"]
[PlyCount "66"]
[EventDate "2004.??.??"]
[SourceDate "2005.01.01"]

1. d4 d5 2. c4 e6 3. Nc3 Nf6 4. cxd5 exd5 5. Bg5 Nbd7 6. e3 c6 7. Bd3 Be7 8.
Nge2 O-O 9. Qc2 Re8 10. O-O Nf8 11. Bxf6 Bxf6 12. b4 Ng6 13. a4 Bd7 14. b5 Rc8
15. Qb2 Be7 16. Rfc1 Bd6 17. g3 Qf6 18. Rc2 Bh3 19. Nc1 Qf3 20. Bf1 Bxf1 21.
Kxf1 Rxe3 22. N1e2 Qh1+ 23. Ng1 Ree8 24. f3 Re3 25. Rf2 Rce8 26. Rd1 R8e6 27.
bxc6 bxc6 28. Qc1 Ne7 29. Ne4 Rb3 30. Qc2 Re3 31. Qd2 Rxf3 32. Rxf3 dxe4 33.
Re3 Rf6+ 0-1